000 00696cam a2200205 4500500
005 20260405003949.0
041 _afre
042 _adc
100 1 0 _aLacroix, Alexandre
_eauthor
245 0 0 _a“L’Étranger” d’Albert Camus au cinéma : le réalisateur François Ozon dialogue avec la philosophe Marylin Maeso
260 _c2025.
500 _a87
690 _aAlbert Camus
690 _aAlgérie
690 _aCinéma
690 _aFrançois Ozon
690 _aMarylin Maeso
786 0 _nPhilosophie magazine | 194 | 11 | 2025-11-01 | p. 38-56 | 1951-1787
856 4 1 _uhttps://shs.cairn.info/magazine-philosophie-magazine-2025-11-page-38?lang=fr&redirect-ssocas=7080
999 _c2072510
_d2072510